000 01174nam a2200253 i 4500
001 51025
003 ES-MaACL
005 20230906162259.0
007 t|
008 030808s1948 xxu ||||1| eng d
100 1 _aChanning, Edward.
_937977
245 1 2 _aA history of the United States /
_cby Edward Channing.
250 _a[Repr.].
260 _aNew York :
_bThe Marmillan Company,
_c[1948]
300 _a3 v. :
_bil. ;
_c21 cm.
505 8 _aContiene: V. I: The planting of a nation in the New World : 1000-1660. -- V. II: A century of colonial history : 1660-1760. -- V. III: The American revolution : 1761-1789. -- V. IV: Federalists and republicans : 1789-1815. -- V. V: The period of transition : 1815-1848. -- V. VI: The war for Southern independence : 1849-1865
740 4 _aThe planting of a nation in the New World : 1000-1660.
740 0 _aA century of colonial history : 1660-1760.
740 4 _aThe American revolution : 1761-1789.
740 0 _aFederalists and republicans : 1789-1815.
740 4 _aThe period of transition : 1815-1848.
740 4 _aThe war for Southern independence : 1849-1865.
852 _aES-MaACL
_jD-6015-20
_bR.30498
999 _c51025
_d51025